Score 0/16 Timer 03:00
0 Plays Today
Scrambled Internet Fad Answer % Correct
PEIC LAFIEpic Fail
77.9%
NDNCIAG ABBYDancing Baby
71.8%
NLEI DRIERLine Rider
63.4%
DIFYRAFriday
51.7%
OLCTOAHCE NRAIChocolate Rain
49.8%
HCKCU SRONRIChuck Norris
46.4%
IUEONVOLT FO CNAEDEvolution of Dance
41.9%
ERORFVE NOLEAForever Alone
37.2%
Scrambled Internet Fad Answer % Correct
IDVAD FRAET TSNETDIDavid After Dentist
31.9%
REALCHI EHT RUNICNOCharlie the Unicorn
30.4%
OERLEY NIEJKSNLeeroy Jenkins
25.4%
BODEUL AWIRBONDouble Rainbow
24.5%
LROOLTOTrololo
21.3%
TLCOLALOLcat
10.5%
LOGICLKRIRNRickrolling
6.9%
DEERAOPBPedobear
5.7%
Remove Ads.
Support Sporcle.
Get the best of Sporcle when you Go Orange. This ad-free experience offers more features, more stats, and more fun while also helping to support Sporcle. Thank you for becoming a member.

You're not logged in!

Compare scores with friends on all Sporcle quizzes.
OR
Log In

Show Comments

Extras

Top Quizzes Today


Score Distribution

Your Account Isn't Verified!

In order to create a playlist on Sporcle, you need to verify the email address you used during registration. Go to your Sporcle Settings to finish the process.

Report this User

Report this user for behavior that violates our Community Guidelines.

Details: